Catálogo

LA CASA DEL CAPITAN MUNUERA EN LA CIUDAD DE PUEBLA (Registro nro. 39786)

Detalles MARC
000 -LEADER
fixed length control field 00632nam a2200217 a 4500
001 - CONTROL NUMBER
control field 39786
003 - CONTROL NUMBER IDENTIFIER
control field Mx-PuUPA
005 - DATE AND TIME OF LATEST TRANSACTION
control field 20260115130351.0
008 - FIXED-LENGTH DATA ELEMENTS--GENERAL INFORMATION
fixed length control field 140415s1999 mx 000 0 spa d
020 ## - INTERNATIONAL STANDARD BOOK NUMBER
International Standard Book Number 9688633089
040 ## - CATALOGING SOURCE
Transcribing agency Mx-PuUPA
041 ## - LANGUAGE CODE
Language code of text/sound track or separate title spa
082 ## - DEWEY DECIMAL CLASSIFICATION NUMBER
Classification number 720.972482
Item number CAS
100 1# - MAIN ENTRY--PERSONAL NAME
Personal name CASTRO MORALES, OLIVA
245 13 - TITLE STATEMENT
Title LA CASA DEL CAPITAN MUNUERA EN LA CIUDAD DE PUEBLA
260 ## - PUBLICATION, DISTRIBUTION, ETC.
Place of publication, distribution, etc. MEXICO :
Name of publisher, distributor, etc. BENEMERITA UNIVERSIDAD AUTONOMA DE PUEBLA,
Date of publication, distribution, etc. 1999
300 ## - PHYSICAL DESCRIPTION
Extent 56
Dimensions x 11 x 17
490 ## - SERIES STATEMENT
Series statement TERCER MILENIO.-- ( COLEC. PUEBLA )
650 14 - SUBJECT ADDED ENTRY--TOPICAL TERM
Topical term or geographic name entry element ARQUITECTURA POBLANA
General subdivision VIVIENDA
-- PUEBLA ( CIUDAD )
942 ## - ADDED ENTRY ELEMENTS (KOHA)
Source of classification or shelving scheme Dewey Decimal Classification
Koha item type Libro
Existencias
Withdrawn status Lost status Source of classification or shelving scheme Damaged status Not for loan Collection code Home library Current library Shelving location Date acquired Source of acquisition Inventory number Total Checkouts Full call number Barcode Date last seen Price effective from Koha item type
    Dewey Decimal Classification   Consulta en sala Puebla Biblioteca Karol Wojtyla Biblioteca Karol Wojtyla Área de silencio 03/12/2013 Compra 151000000000000000072733   720.972482 CAS 59764 05/01/2026 03/12/2013 Libro